<?xml version="1.0" encoding="UTF-8"?>
<record
    xmlns:xsi="http://www.w3.org/2001/XMLSchema-instance"
    xsi:schemaLocation="http://www.loc.gov/MARC21/slim http://www.loc.gov/standards/marcxml/schema/MARC21slim.xsd"
    xmlns="http://www.loc.gov/MARC21/slim">

  <leader>02000nab a2200241 i 4500</leader>
  <controlfield tag="003">BR-BrBNA</controlfield>
  <controlfield tag="005">20250515160901.0</controlfield>
  <controlfield tag="008">250515b2017    bl.qr|pooa||| 00| 0 por |</controlfield>
  <datafield tag="040" ind1=" " ind2=" ">
    <subfield code="a">BR-BrBNA</subfield>
    <subfield code="b">por</subfield>
  </datafield>
  <datafield tag="072" ind1=" " ind2=" ">
    <subfield code="a">F70</subfield>
  </datafield>
  <datafield tag="100" ind1=" " ind2=" ">
    <subfield code="a">Caires, Claudenir Sim&#xF5;es </subfield>
  </datafield>
  <datafield tag="245" ind1=" " ind2=" ">
    <subfield code="a">Flora das cangas da Serra dos Caraj&#xE1;s, Par&#xE1;, Brasil: Santalaceae</subfield>
  </datafield>
  <datafield tag="500" ind1=" " ind2=" ">
    <subfield code="a">Publica&#xE7;&#xE3;o on-line; 20 ref.; 4 illus.; Summaries (En, Pt)</subfield>
  </datafield>
  <datafield tag="520" ind1=" " ind2=" ">
    <subfield code="a">

Resumo

Este trabalho apresenta descri&#xE7;&#xF5;es e coment&#xE1;rios morfol&#xF3;gicos e ecol&#xF3;gicos sobre as esp&#xE9;cies de Santalaceae
registradas para as cangas da Serra dos Caraj&#xE1;s no estado do Par&#xE1;. Foram registrados dois g&#xEA;neros e
oito esp&#xE9;cies: Dendrophthora warmingii, Phoradendron crassifolium, P. dipterum, P. mucronatum, P.
obtusissimum, P. piperoides, P. quadrangulare, amplamente distribu&#xED;das pelas Am&#xE9;ricas Central e Sul, e P.
tunaeforme registrada somente na Venezuela e Brasil.

Palavras-chave: Amaz&#xF4;nia, ervas-de-passarinho, taxonomia, Viscaceae.





Abstract

This work presents descriptions, morphological and ecological comments on the species of Santalaceae
recorded for the cangas of Serra dos Caraj&#xE1;s in the Par&#xE1; state. Were recorded two genera and eight species:
Dendrophthora warmingii, Phoradendron crassifolium, P. dipterum, P. mucronatum, P. obtusissimum, P.
piperoides, P. quadrangulare, widely distributed in Central and South America, and P. tunaeforme only
registered in Venezuela and Brazil.

Key words: Amazonia, mistletoes, taxonomy, Viscaceae.</subfield>
  </datafield>
  <datafield tag="650" ind1=" " ind2=" ">
    <subfield code="a">AMAZ&#xD4;NIA</subfield>
  </datafield>
  <datafield tag="650" ind1=" " ind2=" ">
    <subfield code="a">ERVA DE PASSARINHO</subfield>
  </datafield>
  <datafield tag="650" ind1=" " ind2=" ">
    <subfield code="a">TAXONOMIA</subfield>
  </datafield>
  <datafield tag="650" ind1=" " ind2=" ">
    <subfield code="a">SANTALACEAE</subfield>
  </datafield>
  <datafield tag="773" ind1="0" ind2=" ">
    <subfield code="0">709</subfield>
    <subfield code="9">350025</subfield>
    <subfield code="d">Rio de Janeiro-RJ Jardim Botanico do Rio de Janeiro 1935</subfield>
    <subfield code="o">2025-2634</subfield>
    <subfield code="t">Rodrigu&#xE9;sia (Brazil)</subfield>
    <subfield code="x">0370-6583; 2175-7860 on-line</subfield>
    <subfield code="g">v. 68(3 special number) p. 1139-1149; (2017)</subfield>
    <subfield code="w">BR2025000970</subfield>
  </datafield>
  <datafield tag="856" ind1=" " ind2=" ">
    <subfield code="u">https://www.scielo.br/j/rod/a/myjhC6qcFyZ8LfjfHqHd7PK/?format=pdf&amp;lang=pt</subfield>
  </datafield>
  <datafield tag="942" ind1=" " ind2=" ">
    <subfield code="c">ANA</subfield>
  </datafield>
  <datafield tag="999" ind1=" " ind2=" ">
    <subfield code="c">331525</subfield>
    <subfield code="d">331525</subfield>
  </datafield>
</record>
